Enfermedades del vacuno en explotación intensiva; diagnóstico, profilaxis y tratamiento de las principales enfermedades en el establo de ganado vacuno /

Guardado en:
Autor Principal: Schrag, Ludwig
Formato: Libro
Publicado: Bilbao : Edimed, 1991
Materias:
Etiquetas: Agregar Etiqueta
Sin Etiquetas, Sea el primero en etiquetar este registro!
LEADER 00806nam a22002055a 4500
001 CEM.cems016806
008 130507s1991##################000#0#####d
005 20230404130915.0
245 1 0 |a Enfermedades del vacuno en explotación intensiva; diagnóstico, profilaxis y tratamiento de las principales enfermedades en el establo de ganado vacuno /  |c Ludwig Schrag, 
260 |a Bilbao :  |b Edimed,  |c 1991 
300 |a 56 p. 
020 |a 8487308031 
100 1 |a Schrag, Ludwig 
082 0 4 |a 636.2 
653 |a Bovinos-enfermedades 
653 |a Terneros-enfermedades 
653 |a Vacunos-enfermedades 
859 |a CEMS  |b BIB. CEMS - Agricultura  |h 636.2  |i Sch694  |p A0421.02  |t Ej.1 
859 |a CEMS  |b BIB. CEMS - Agricultura  |h 636.2  |i Sch694  |p A3509.23  |t Ej.2 
859 |a CEMS  |b BIB. CEMS - Agricultura  |h 636.2  |i Sch694  |p 3510.23  |t Ej.3